Quizzes
Events
Quiz Creation
Community
Videos
Private Events
Remove Ads
Sign In
Join for FREE
Feedback
Dark Mode
Quiz Categories
Sports
Geography
Music
Movies
Television
Just For Fun
Miscellaneous
History
Literature
Language
Science
Gaming
Entertainment
Religion
Holiday
For Kids
Quiz Lab
Recent
Popular Today
Quiz Kudos Today
Editor Picks
Curator Picks
Quizzes by...
Day
Popularity
Type
Ratings
Length
Year
Community
Subscriptions
Recent Discussions
Orange Saloon
Badges
Playlists
Quests
Create
Leaderboards
Showdown
Live 5
Trivia Bingo
Activity
Puzzle Library
Sporcle Events
Private Events
Virtual Trivia
Globe League
Become a Host
Pub Owners
SporcleCon
Opinionation
Our Games
Videos
Blog
Mobile Apps
Partnerships
Remove Ads and Go Orange
Feedback
Science
Computer
Plants
Astronomy
Chemistry
Elements
Math
Animal
Physics
Anatomy
Biology
Geology
General Science
Science
Computer
Plants
Astronomy
Chemistry
Elements
Math
Animal
Physics
Anatomy
Biology
Geology
General Science
Random Quiz
Search Sporcle
×
Quiz Lab
Quiz Lab
Science
World
Click on answers out of a set of options
Click on answers out of a set of options
Multiple Choice
Best Score? Go Orange.
Rewilding, are you ready? Stats
A new term that might change the world.. for the better.
By
MitchMell7
10m
10 Questions
57 Plays
57 Plays
57 Plays
Comments
Comments
Give Quiz Kudos
Give Quiz Kudos
-
- Ratings
hide this ad
Replay
Link that replays current quiz
Next Quiz
Link to next quiz in quiz playlist
You Got
0%
They Got
Avg Score
64%
Avg Friend Score
Upgrade to see
Score Distribution
Jump to the score distribution portion of the page
Score
0/10
Timer
10:00
0
Plays Today
Question
Answer
Wrong Answers
Why was rewilding first theorized?
To preserve Functional Ecosystems.
86%
Mainly for the reduction of pollution.
5.3%
To stop the poaching of wild animals.
1.8%
To reverse the oceans decline.
1.8%
How?
By taking a valuable animal that has been killed off and introducing it back into wildlife to restore balance.
77.2%
By bringing large predators back and try to get rid of the smaller animals.
15.8%
Bringing back animals for human use such as sport or for workers.
0%
Which place hosts one of the best examples to start rewilding?
Yellowstone National Park
75.4%
The Caribbean sea
8.8%
The Andes mountain range
5.3%
The Amazon rain forest
3.5%
T/F de-extinction could be used in part in rewilding.
True
75.4%
False
19.3%
Which species are valuable to rewilding?
Apex predators
73.7%
Tertiary animals
12.3%
Small Rodents
1.8%
Plants
3.5%
Rewilding is already happening, which is an example of so?
Yellowstone to Yukon Conservation Initiative.
63.2%
Jellystone Cardinal re-introduction.
8.8%
Pukaskwa Wolves introduction.
19.3%
Since your taking this quiz, what IS Rewilding?
Restoring something to its natural uncultivated state especially by reintroducing previous species back into a habitat.
61.4%
Making human life more wild and less connected so as to get a better, more natural experience out of life.
14%
The de-extinction of animals to put into their original habitat and replenish the natural environment.
17.5%
Stopping the domestication of wild animals so as to restore a natural balance and counteract the moral troubles of keeping animals as pets.
3.5%
What problems are there with rewilding?
All of the above
56.1%
Time consuming and would take a lot of try and fail to get to the right solution.
15.8%
Much too expensive and environmental groups do not have the kind of money needed to do such.
15.8%
It could mess with the current way thing are nature.
1.8%
How are de-extinction and rewilding different?
De-extinction is simply bringing a extinct species whereas rewilding is introducing an apex predator or keystone animal into a environment.
47.4%
The two are not related in any way, since the natural environment has moved on without the extinct species so why bring back a dead animal.
21.1%
The two are pretty much the same. Both of which are about bringing animals back that have been absent for a large period of time.
21.1%
Which group first defined 'Rewilding'
Earth First!
28.1%
UNEP
10.5%
Not a group, George Monbiot alone.
40.4%
Friends of the Earth
17.5%
Quiz Playlist
Details
Report
Send in Message
Add To Playlist
Multiple Choice:
Click on answers out of a set of options
Last Updated: Feb 16, 2017
Quiz Scoreboard
CHALLENGE
Sign Up to Join the Scoreboard
Show All
Scores
Hide
Comments
May contain spoilers
Recently Published
Movies - When Are They Set?
by FPL_Elf
Movies
5m
Popular People in 1961
by mucciniale
History
6m
1-10 Letter E Words III
by El_Dandy
Language
2m
More to Explore
Quiz From the Vault
Featured Blog Post
Where Did the Easter Bunny Come From?
hide this ad
You Might Also Like...
Tags
World Quiz
Better
Ready
Term
Today's Top Quizzes in Science
Browse Science
hide this ad
Today's Top Quizzes in World
Browse World
Top Contributed Quizzes in Science
1
Quick Pick: 'CI-CJ' Animals
2
One Thing in Common: Science
3
One Thing in Common: Science III
4
Elements In Images
5
Quick Pick: Radians
6
Sporcle Puzzle Hunt: Science
7
Square Numbers Scrambled (1-50)
8
One Thing in Common: Science II
9
Glycolysis
10
1 to 50
Explore More
Trending Topics
Harry Potter
Marvel
Kpop
Anime
Disney
NBA
Crossword
Pokémon
The Office
Soccer
NFL
WWE
Country
Puzzle
Song
hide this ad
More By:
MitchMell7
Quiz
Plays
Rating
Category
Featured
Created
Jeff Dunham Puppets/trivia
152
5.00
Entertainment
Jan 6, 2017
Rewilding, are you ready?
57
3.67
Science
Jan 24, 2017
A Brief History of Major Scientific Events
31
4.50
Science
Jan 5, 2017
Go to Creator's Profile
Score Distribution
Quiz Creator Spotlight
MitchMell7
Follow
Send a Message
Quizzes Created
-
Created Quiz Play Count
-
More By This Creator
Popular Quizzes Today
1
Find the Countries of Europe - No Outlines Minefield
2
Find the US States - No Outlines Minefield
3
The Countries of the World
4
Popular People in 1961
5
US States
6
1-10 Letter E Words III
7
Find the US States
8
One Thing in Common: World Cities II
More Science Quizzes
Hidden Odd One Out: Math
Editor's Pick
Trending Quizzes
Risky Map Clicking: Least Populous States A-Z
1-10 Letter F Words
1-10 Letter G Words
One Thing in Common: United Kingdom
Risky Map Clicking: Next State Alphabetically
Recently Updated
Leaping Animals
pecheneg
Reality TV Shows (A-Z)
bhenderson79
Rickey Henderson's Hall of Fame Teammates
pecheneg
Champions League XIs: Arsenal
pecheneg
Quick Pick: Celebrities in WWE's Hall of Fame
aduchscher
A-Z Keypad Blitz II
pecheneg
Multiple Oscar Actors
pecheneg
Mystery Phrase Blitz: Oscar 'Best Actors'
pecheneg
F. Scott Fitzgerald Novels
LTH
Pick 3 Villains
ddd62291
Trending Topics
Marvel
Kpop
Disney
Crossword
NBA
Anime
Harry Potter
NFL
Puzzle
WWE
Song
The Office
Soccer
Country
Pokémon
Your Account Isn't Verified!
In order to create a playlist on Sporcle, you need to verify the email address you used during registration. Go to your
Sporcle Settings
to finish the process.
Report this User
Report this user for behavior that violates our
Community Guidelines
.
Details:
Send Report
Go to the Sporcle.com Mobile Site →
Comments